Statistics for Dublin Airport (DUB) Destinations

Click here to take the quiz!

General Stats

  • This quiz has been taken 446 times
  • The average score is 100 of 187

Answer Stats

HintAnswer% Correct
Aer Lingus, British AirwaysLondon-City
98%
Aer Lingus, RyanairLondon-Gatwick
98%
Aer Lingus, British AirwaysLondon-Heathrow
98%
RyanairLondon-Luton
98%
RyanairLondon-Southend
98%
Flybe, RyanairLondon-Stansted
98%
Aer Lingus, DeltaNew York-JFK
94%
Aer Lingus, Air FranceParis-Charles de Gaulle
93%
TransaviaParis-Orly
93%
Aer Lingus, KLM, RyanairAmsterdam
92%
Aer Lingus RegionalIsle of Man
91%
Norwegian Air Shuttle, Scandinavian AirlinesOslo-Gardermoen
91%
Aer Lingus, Ryanair, VuelingBarcelona
89%
Aer Lingus, Iberia Express, RyanairMadrid
89%
Aer Lingus, Air Canada, Air Transat, WestjetToronto-Pearson
88%
Norwegian Air Shuttle, Ryanair, Scandinavian AirlinesCopenhagen
87%
Aer Lingus Regional, RyanairGlasgow
87%
RyanairRome-Ciampino
87%
Aer Lingus, RyanairRome-Fiumicino
87%
Aer Lingus, British Airways, RyanairManchester
86%
Aegean Airlines, Aer Lingus, RyanairAthens
85%
Aer Lingus, DeltaBoston
85%
Aer Lingus, RyanairEdinburgh
85%
Finnair, Norwegian Air ShuttleHelsinki
85%
S7 AirlinesMoscow-Domodedovo
85%
AeroflotMoscow-Sheremetyevo
85%
Norwegian Air Shuttle, Scandinavian AirlinesStockholm-Arlanda
85%
EmiratesDubai
84%
Aer LingusLos Angeles
84%
RyanairBerlin-Schönefeld
83%
Aer Lingus, RyanairBerlin-Tegel
83%
Aer Lingus, RyanairBrussels
83%
Aer Lingus, American Airlines, United AirlinesChicago-O'Hare
83%
Aer LingusMiami
83%
Aer Lingus, RyanairLisbon
82%
Aer Lingus, Swiss AirZürich
82%
Aer LingusMilan-Linate
81%
Aer LingusMilan-Malpensa
81%
Aer Lingus, Lufthansa, RyanairMunich
81%
Aer Lingus, Lufthansa, RyanairFrankfurt
80%
Turkish AirlinesIstanbul-Atatürk
80%
Aer Lingus, RyanairBirmingham
79%
Aer LingusSan Francisco
79%
Air Canada RougeVancouver
79%
Air CanadaMontréal-Trudeau
78%
Aer Lingus, LaudamotionVienna
78%
DeltaAtlanta
77%
Aer Lingus, RyanairNice
77%
RyanairWarsaw
77%
Aer Lingus, United AirlinesWashington-Dulles
77%
Blue Air, RyanairBucharest
76%
American AirlinesDallas/Fort Worth
76%
RyanairLiverpool
76%
Aer LingusLyon
76%
Aer Lingus, Swiss AirGeneva
75%
Aer Lingus, RyanairHamburg
75%
Aer Lingus, RyanairBudapest
74%
Aer LingusVenice
74%
Qatar AirwaysDoha
73%
Croatia AirlinesZagreb
73%
Aer LingusMarseille
72%
Aer Lingus, Cello Aviation, RyanairNaples
72%
Aer Lingus, RyanairPrague
72%
Icelandair, WOW AirReykjavík-Keflavík
71%
Aer LingusOrlando
70%
RyanairPorto
70%
Etihad AirwaysAbu Dhabi
69%
Aer Lingus, American AirlinesPhiladelphia
69%
Hainan AirlinesBeijing-Capital
68%
FlybeCardiff
68%
Aer Lingus, Ryanair, TUI AirwaysMálaga
67%
Aer Lingus Regional, RyanairLeeds/Bradford
66%
RyanairValencia
66%
Aer Lingus, EurowingsDüsseldorf
65%
RyanairKraków
65%
Aer LingusSeattle
65%
Aer Lingus Regional, RyanairBristol
64%
Eurowings, RyanairCologne/Bonn
64%
Luxair, RyanairLuxembourg
64%
Aer Lingus, Air Europa, AlbaStar, Cello Aviation, Ryanair, TUI AirwaysPalma de Mallorca
64%
RyanairSofia
64%
Aer Lingus Regional, RyanairNewcastle
63%
RyanairRiga
63%
Aer Lingus RegionalAberdeen
62%
Cathay PacificHong Kong
62%
RyanairSeville
62%
ArkiaTel Aviv-Ben Gurion
62%
Aer Lingus, Ryanair, TUI AirwaysTenerife
61%
Aer LingusBordeaux
60%
Aer Lingus, UnitedNewark
59%
Ryanair, TUI AirwaysTurin
57%
RyanairVilnius
57%
Ryanair, TUI AirwaysIbiza
56%
Aer LingusBilbao
55%
Aer Lingus, Ryanair, TUI AirwaysFaro
54%
RyanairPalermo
54%
Aer Lingus, RyanairStuttgart
54%
Air Moldova, FlyoneChișinău
53%
Aer LingusSplit
53%
RyanairTallinn
53%
Aer LingusToulouse
53%
Ethiopian AirlinesAddis Ababa
51%
Aer LingusAlicante
51%
RyanairBratislava
51%
Aer Lingus, Cello AviationDubrovnik
51%
American AirlinesCharlotte
50%
Aer Lingus, Cello Aviation, Ryanair, TUI AirwaysSalzburg
49%
FlybeSouthampton
49%
Aer Lingus, RyanairNantes
48%
RyanairMalta
47%
RyanairBasel/Mulhouse
46%
RyanairGdánsk
46%
Aer Lingus, TUI AirwaysCorfu
45%
Laudamotion, TUI AirwaysInnsbrück
45%
Aer Lingus, RyanairPisa
45%
LoganairInverness
44%
Aer Lingus, Sun Expressİzmir
44%
TUI AirwaysRhodes
44%
RyanairBari
42%
Aer Lingus, Ryanair, TUI AirwaysGran Canaria
42%
Aer Lingus, RyanairBologna
40%
Aer LingusCatania
40%
TUI AirwaysHeraklion
40%
FlybeSheffield
39%
RyanairKatowice
38%
RyanairEast Midlands
37%
Aer Lingus RegionalJersey
37%
TUI AirwaysKos
36%
Aer Lingus, Ryanair, Travel Service, TUI AirwaysLanzarote
35%
RyanairMarrakesh
35%
TUI AirwaysCancún
34%
RyanairŁódź
34%
Cobalt AirLarnaca
33%
Aer Lingus, Cello Aviation, Ernest AirlinesVerona
33%
RyanairEindhoven
32%
Aer Lingus RegionalRennes
32%
RyanairWrocław
32%
Aer Lingus, RyanairFuerteventura
31%
Blue AirCluj-Napoca
29%
RyanairBremen
28%
RyanairPoznań
28%
FlybeExeter
27%
Aer Lingus, RyanairMurcia
27%
Aer LingusMontpellier
26%
RyanairChania
25%
Aer Lingus RegionalDonegal
25%
Aer Lingus RegionalKerry
25%
Aer LingusSantiago de Compostela
25%
RyanairZadar
25%
Air Arabia MarocAgadir
24%
RyanairBergamo
24%
RyanairGirona
24%
Ryanair, TUI AirwaysPaphos
23%
TUI AirwaysZakynthos
23%
Aer Lingus, Cello Aviation, TUI AirwaysBurgas
22%
RyanairCharleroi
22%
RyanairGrenoble
21%
WestjetSt John's
21%
RyanairLublin
20%
AlbaStar, Cello Aviation, Ryanair, TUI AirwaysReus
20%
RyanairAlmería
19%
RyanairBiarritz
18%
RyanairDalaman
18%
RyanairSantander
18%
RyanairVigo
18%
Aer LingusHartford
17%
RyanairKaunas
17%
Aer Lingus RegionalNewquay
17%
Norwegian Air ShuttleProvidence
15%
RyanairTreviso
15%
RyanairRzeszów
14%
RyanairBeauvais
13%
Danish Air TransportOdense
12%
RyanairSzczecin
12%
Blue AirBacău
11%
Aer LingusPerpignan
11%
RyanairBydgoszcz
10%
RyanairMemmingen
10%
Aer Lingus, TUI AirwaysRovaniemi
10%
RyanairLa Rochelle
9%
Norwegian Air ShuttleNewburgh
7%
TUI AirwaysChambéry
6%
Norwegian Air ShuttleHamilton
4%
RyanairTours
4%
RyanairCarcassone
3%
RyanairComiso
3%
RyanairRodez
2%

Score Distribution

Percentile by Number Answered

Percent of People with Each Score

Your Score History

You have not taken this quiz